All lyrics to Freak Flag (Shrek - the musical) - Statistics

General Stats
  • This quiz has been taken 82 times
  • The average score is 270 of 329
Answer Stats
Lyric % Correct
up
100%
flag
97%
freak
97%
I
97%
it
97%
it!
97%
The
97%
the
97%
fly.
95%
fly,
95%
Fly.
95%
Let
95%
let
95%
raise
95%
to
95%
wave,
95%
way,
95%
way
95%
who
95%
you
95%
a
92%
down,
92%
high.
92%
high,
92%
high!
92%
Listen
92%
Never
92%
never
92%
They
92%
they
92%
we
92%
We
92%
your
92%
but
89%
But
89%
so
89%
take
89%
that
89%
be
87%
made
87%
made,
87%
puppet,
87%
us
87%
change.
84%
feel
84%
it's
84%
It's
84%
our
84%
were
84%
we're
84%
I'm
82%
lives
82%
spend
79%
strange.
79%
time
79%
whole
79%
and
76%
And
76%
need
76%
think,
76%
wishing
76%
world
76%
freaking
74%
hard
74%
make
74%
say
74%
weren't
74%
all.
71%
all
71%
All
71%
am
71%
here
71%
is.
71%
just
71%
my
71%
different
68%
furry
68%
hey
68%
many
68%
not
68%
out.
68%
smell
68%
stand
68%
attached.
66%
fist.
66%
how
66%
magic
66%
magic,
66%
stop
66%
strings
66%
hatched.
63%
like
63%
makes
63%
scientologist.
63%
tall,
63%
tell
63%
hiding,
61%
jail.
61%
piggy.
61%
sauerkraut.
61%
some
61%
splinters
61%
Splinters
61%
thing
61%
are
58%
choice
58%
freaks,
58%
freaks
58%
in
58%
power,
58%
proud
58%
special
58%
special,
58%
strong.
58%
coat,
55%
got
55%
house
55%
did
53%
gonna
53%
shed
53%
What
53%
what
53%
claws
50%
may
50%
We've
50%
we've
50%
work
50%
now.
47%
sense
47%
teeth
47%
wands.
47%
with
47%
things
45%
wrong?
42%
can
39%
get
39%
Yes,
39%
together
37%
used
37%
good,
34%
wood,
34%
Farquaad.
32%
miss
32%
No matching quizzes found
Score Distribution
Percent of People with Each Score
Percentile by Number Answered
Your Score History
You have not taken this quiz